000 00505nam a2200181Ia 4500
999 _c21533
_d21533
003 OSt
005 20200701144238.0
008 190216s9999||||xx |||||||||||||| ||und||
020 _a9780195694444
040 _coclc
082 _a910.91767
_bHAR/I
100 _aHarvey, L P
_93418
245 0 _aIbn Battuta /
_cL P Harvey
260 _bOxford University Press,
_c2011.
_aNew Delhi:
300 _a128p
650 _aHistory
942 _cBK
_2ddc
_h910.91767
_iHAR/I
_k910.91767
_mHAR/I